| 000 | 01012nam a2200229Ii 4500 | ||
|---|---|---|---|
| 003 | JO-AjNU | ||
| 008 | 230605s9999||||xx |||||||||||||| ||und|| | ||
| 017 | _a2016/10/4824 | ||
| 020 | _a978-9957-92-167-5 | ||
| 040 |
_aJO-AjNU _bara _erda _cJO-AjNU |
||
| 041 | _aara | ||
| 050 | 1 | 4 | _aLC4015.Z873 2017 |
| 100 | 3 |
_a الزريقات، ابراهيم عبدالله فريج، م. مشارك محمود احمد محمد القرعان, _eauthor _960640 |
|
| 245 | 0 | 0 | _aقضايا معاصرة وتوجيهات حديثة في التربية الخاصة=Contemporary Issues and Current Trends in Special Education |
| 250 | _aالطبعة الاولى | ||
| 264 | 3 | 1 | _aعمان: دار الفكر ناشرون وموزعون، 2017 |
| 300 |
_a567ص _b ويحتوي على قائمة مراجع من ص549ص- 567ص |
||
| 336 |
_atext _btxt _2rdacontent |
||
| 337 |
_aunmediated _bn _2rdamedia |
||
| 338 |
_avolume _bnc _2rdacarrier |
||
| 650 | 4 |
_aصعوبات التعلم -التربية الخاصة _960641 |
|
| 999 |
_aA27356 _c30924 _d30924 |
||